Sistemas agrarios y desarrollo agrícola /

Se apunta que la ciencia del desarrollo tiene por dominio de estudio los procesos de producción agrícolas en sí mismos, sus transformaciones (temporales) y sus adaptaciones (espaciales), así como el conjunto de implicaciones económico-sociales (condiciones y consecuencias) de aquéllas. Además, se ha...

Descrizione completa

Salvato in:
Dettagli Bibliografici
Autore principale: Mazoyer, Marcel
Natura: testo
Soggetti:
Tags: Aggiungi Tag
Nessun Tag, puoi essere il primo ad aggiungerne!!

MARC

LEADER 00000 a a2200000 04500
001 292
003
040
100 |a Mazoyer, Marcel  
245 |a Sistemas agrarios y desarrollo agrícola /  |c Marcel Mazoyer 
520 |a Se apunta que la ciencia del desarrollo tiene por dominio de estudio los procesos de producción agrícolas en sí mismos, sus transformaciones (temporales) y sus adaptaciones (espaciales), así como el conjunto de implicaciones económico-sociales (condiciones y consecuencias) de aquéllas. Además, se hace una exposición de los conceptos sobre los diferentes sistemas agrícolas. SM/EB  
650 |a PRODUCCION AGROPECUARIA  
650 |a SISTEMAS AGRICOLAS  
650 |a DESARROLLO AGROPECUARIO  
773 |g número 6; páginas 10-22  
999 |c 36659  |d 36659 
773 0 |0 42419  |9 3469  |d Santiago, Chile: Grupo de Investigaciones Agrarias  |o 04774  |t Agricultura y Sociedad/